Expulsión y exilio de los jesuitas españoles / (Registro nro. 229661)

Detalles MARC
000 -LEADER
fixed length control field 03269nam a2200397Ii 4500
001 - CONTROL NUMBER
control field DIGUAL0022
003 - CONTROL NUMBER IDENTIFIER
control field NyNyDIG
006 - FIXED-LENGTH DATA ELEMENTS--ADDITIONAL MATERIAL CHARACTERISTICS
fixed length control field m o d
007 - PHYSICAL DESCRIPTION FIXED FIELD--GENERAL INFORMATION
fixed length control field cr |||||||||||
008 - FIXED-LENGTH DATA ELEMENTS--GENERAL INFORMATION
fixed length control field 121201s1997 sp ob 000 0 spa d
020 ## - INTERNATIONAL STANDARD BOOK NUMBER
Canceled/invalid ISBN 8479083298
020 ## - INTERNATIONAL STANDARD BOOK NUMBER
Canceled/invalid ISBN 9788479083298
035 ## - SYSTEM CONTROL NUMBER
System control number (OCoLC)615635635
040 ## - CATALOGING SOURCE
Original cataloging agency DGITA
Language of cataloging eng
Description conventions pn
Transcribing agency DGITA
043 ## - GEOGRAPHIC AREA CODE
Geographic area code e-sp---
050 14 - LIBRARY OF CONGRESS CALL NUMBER
Classification number BX3744.A1 eBook
245 00 - TITLE STATEMENT
Title Expulsión y exilio de los jesuitas españoles /
Statement of responsibility, etc. Enrique Giménez López (ed.).
264 #1 - PRODUCTION, PUBLICATION, DISTRIBUTION, MANUFACTURE, AND COPYRIGHT NOTICE
Place of production, publication, distribution, manufacture Alicante :
Name of producer, publisher, distributor, manufacturer Universidad de Alicante,
Date of production, publication, distribution, manufacture, or copyright notice 1997.
300 ## - PHYSICAL DESCRIPTION
Extent 1 online resource (398 pages)
336 ## - CONTENT TYPE
Content type term text
Content type code txt
Source rdacontent
337 ## - MEDIA TYPE
Media type term computer
Media type code c
Source rdamedia
338 ## - CARRIER TYPE
Carrier type term online resource
Carrier type code cr
Source rdacarrier
490 1# - SERIES STATEMENT
Series statement Publicaciones de la Universidad de Alicante.
504 ## - BIBLIOGRAPHY, ETC. NOTE
Bibliography, etc. note Includes bibliographical references.
505 0# - FORMATTED CONTENTS NOTE
Formatted contents note Reacciones en España ante la expulsión de los jesuitas de Francia / Antonio Mestre Sanchis-- Tomismo y Jesuitismo en los tribunales españoles en vísperas de la expulsión / María del Carmen Irles Vicente-- El Ejército y la Marina en la expulsión de los jesuitas de España / Enrique Giménez López-- Los diarios de exilio de los jesuitas de la Provincia de Andalucía (1767) / Enrique Giménez López y Mario Martínez Gomis-- La expulsión de los jesuitas filipinos: un ejemplo de disputa por el poder político / Santiago Lorenzo García-- Un aspecto logístico de la expulsión de los jesuitas españoles: la labor de los Comisarios Gerónimo y Luis Gnecco (1767-1768) / Enrique Giménez López y Mario Martínez Gomis-- La llegada de los jesuitas expulsos a Italia según los diarios de los padres Luengo y Peramás / Enrique Giménez López y Mario Martínez Gomis-- La devoción a la "Madre Santísima de la Luz": un aspecto de la represión del jesuitismo en la España de Carlos III / Enrique Giménez López-- "La extirpación de la mala doctrina". Los inicios del proceso de extinción de la Compañía de Jesús (1767-1769) / Enrique Giménez López-- La secularización de los jesuitas expulsos (1767-1773) / Enrique Giménez López y Mario Martínez Gomis-- Proyectos reformistas de los jesuitas exiliados: El "sueño de Ganímedes" de Antonio López de Alarcón (1787) / Cayetano Mas Galvañ-- Un viajero de excepción por la Italia del siglo XVIII: el abate Juan Andrés Morell / Armando Alberola Romá-- "El espíritu de Maquiavelo" de Antonio Eximeno / María José Bono Guardiola-- El Padre Isla en Italia / Enrique Giménez López y Mario Martínez Gomis-- Francisco Pla: un ex-jesuita proyectista en la España del siglo XVIII / Jesús Pradells Nadal-- Los jesuitas expulsos en el viaje a Italia de Nicolás Rodríguez Lasso (1788-1789) / Enrique Giménez López y Jesús Pradells Nadal.
610 20 - SUBJECT ADDED ENTRY--CORPORATE NAME
Corporate name or jurisdiction name as entry element Jesuits
Geographic subdivision Spain
General subdivision History.
651 #0 - SUBJECT ADDED ENTRY--GEOGRAPHIC NAME
Geographic name Spain
General subdivision History
Chronological subdivision Charles III, 1759-1788.
655 #0 - INDEX TERM--GENRE/FORM
Genre/form data or focus term Electronic books.
700 1# - ADDED ENTRY--PERSONAL NAME
Personal name Giménez López, Enrique,
Dates associated with a name 1947-
791 2# -
-- Digitalia (Firm),
-- distributor.
793 0# -
-- Digitalia eBook Collection:
-- Univ. de Alicante.
830 #0 - SERIES ADDED ENTRY--UNIFORM TITLE
Uniform title Publicaciones de la Universidad de Alicante.
856 40 - ELECTRONIC LOCATION AND ACCESS
Materials specified Digitalia Hispánica
Uniform Resource Identifier <a href="https://www.digitaliapublishing.com/a/649/">https://www.digitaliapublishing.com/a/649/</a>
910 ## - USER-OPTION DATA (OCLC)
User-option data Premium Collection: 2007-2012
942 ## - ADDED ENTRY ELEMENTS (KOHA)
Koha item type Recurso Electrónico
Existencias
Withdrawn status Lost status Damaged status Not for loan Collection Home library Current library Date acquired Total checkouts Date last seen Price effective from Koha item type
        Digitalia Ebooks Hispanica Biblioteca Digital UIN Biblioteca Digital UIN 04/25/2025   04/25/2025 04/25/2025 Recurso Electrónico

CONTACTO


NOSOTROS


SITIOS DE INTERES

coordinacion.biblioteca.biblioteca@unienlinea.mx Misión, Visión y Objetivos Bases de datos
Directorio Bibliotecas Digitales y Repositorios
Normatividad Revistas y artículos
Convenios interbibliotecarios
Boletines



Hecho en México. Universidad Insurgentes (UIN). Todos los derechos reservados 2024. Esta página y sus contenidos pueden ser reproducidos con fines no lucrativos, siempre y cuando no se mutile, se cite la fuente completa y su dirección electrónicas. De otra forma requiere permiso previo por escrito de la institución




2024 Copyright Universidad Insurgentes | www.bibliouin.com.mx